[Event "zonal 3.4"]
[Site "Bishkek KGZ"]
[Date "1993.??.??"]
[Round "?"]
[White "Nesterov, Jakov"]
[Black "Ilinsky, Vladimir"]
[Result "1-0"]
[WhiteElo "2445"]
[BlackElo "2355"]
[EventDate "1993.??.??"]
[PlyCount "107"]

1.Nf3 c5 2.c4 Nc6 3.d4 cxd4 4.Nxd4 g6 5.e4 Bg7 6.Be3 Nf6 7.Nc3 Ng4 8.Qxg4 
Nxd4 9.Qd1 Ne6 10.Qd2 Qa5 11.Rc1 b6 12.b3 Bb7 13.Nd5 Qxd2+ 14.Kxd2 Rc8 15.
b4 Bd4 16.Bd3 d6 17.f4 f6 18.Ke2 Bxe3 19.Kxe3 Kf7 20.Rc3 Nd8 21.Rc2 Bc6 
22.h4 Bd7 23.a3 Ne6 24.g4 Nc7 25.g5 Nxd5+ 26.exd5 h5 27.Kd4 Rc7 28.Rhc1 
Rd8 29.Be4 a6 30.c5 bxc5+ 31.bxc5 Ba4 32.cxd6 Rxc2 33.Bxc2 Bxc2 34.Rxc2 
Rxd6 35.Rc6 fxg5 36.fxg5 Rd8 37.Rxa6 Rb8 38.Ra7 Rb1 39.Ra4 Rd1+ 40.Kc5 
Rc1+ 41.Rc4 Rd1 42.a4 Ra1 43.Kb5 Rb1+ 44.Rb4 Rd1 45.Kc6 Rc1+ 46.Kb6 Rd1 
47.Rb5 e5 48.a5 e4 49.Rb4 e3 50.Re4 Rxd5 51.Rxe3 Rd4 52.a6 Rxh4 53.a7 Ra4 
54.Re5 1-0

[Event "zonal 3.4"]
[Site "Bishkek KGZ"]
[Date "1993.??.??"]
[Round "?"]
[White "Nesterov, Jakov"]
[Black "Imanaliev, Taalaibek"]
[Result "1-0"]
[WhiteElo "2445"]
[BlackElo "2365"]
[EventDate "1993.??.??"]
[PlyCount "49"]

1.d4 d5 2.c4 c6 3.Nf3 Nf6 4.Nc3 dxc4 5.a4 Bg4 6.Ne5 Bh5 7.f3 Nfd7 8.Nxc4 
e5 9.e4 Qh4+ 10.Ke2 exd4 11.Qxd4 Bc5 12.Nd6+ Kf8 13.Qxg7+ Kxg7 14.Nf5+ Kf6
15.Nxh4 Na6 16.Bh6 Ne5 17.g4 Nxg4 18.fxg4 Bxg4+ 19.Kd2 Rad8+ 20.Kc2 Nb4+ 
21.Kb3 Be6+ 22.Bc4 Bxc4+ 23.Kxc4 Rd4+ 24.Kxc5 Nc2 25.Bg7+ 1-0

[Event "zonal 3.4"]
[Site "Bishkek KGZ"]
[Date "1993.??.??"]
[Round "?"]
[White "Nesterov, Jakov"]
[Black "Kakageldiev, Amanmurad"]
[Result "0-1"]
[WhiteElo "2445"]
[BlackElo "2415"]
[EventDate "1993.??.??"]
[PlyCount "60"]

1.Nf3 g6 2.d4 Bg7 3.c4 d6 4.e4 Nf6 5.Nc3 O-O 6.Be2 e5 7.dxe5 dxe5 8.Qxd8 
Rxd8 9.Bg5 Re8 10.Nd5 Nxd5 11.cxd5 c6 12.Bc4 cxd5 13.Bxd5 Nc6 14.Ke2 Be6 
15.Bxe6 Rxe6 16.Rhd1 f5 17.Rd7 f4 18.Rad1 Bf8 19.Bd8 h6 20.R1d5 g5 21.h3 
Bg7 22.Ba5 Rb8 23.Bc7 Rc8 24.Bd6 b6 25.Kd3 Bf6 26.b4 a5 27.a3 axb4 28.axb4
Ra8 29.Rb5 Ra7 30.Rxa7 Rxd6+ 0-1

[Event "zonal 3.4"]
[Site "Bishkek KGZ"]
[Date "1993.??.??"]
[Round "?"]
[White "Nesterov, Jakov"]
[Black "Tumurhuyag, Nyamaa"]
[Result "1-0"]
[WhiteElo "2445"]
[BlackElo "2350"]
[EventDate "1993.??.??"]
[PlyCount "75"]

1.d4 c5 2.Nf3 cxd4 3.Nxd4 d5 4.g3 g6 5.Bg2 Bg7 6.O-O Nf6 7.Nc3 O-O 8.Nb3 
e6 9.e4 dxe4 10.Nc5 Qc7 11.N5xe4 Nxe4 12.Nxe4 Nc6 13.c3 e5 14.Qd6 Qa5 15.
Bg5 Be6 16.a4 Rfc8 17.b4 Qc7 18.Rfd1 h6 19.Be3 Bf8 20.Qxc7 Rxc7 21.b5 Na5 
22.Bxa7 Nc4 23.b6 Re7 24.a5 f5 25.Nc5 e4 26.a6 Bc8 27.Bf1 Ne5 28.axb7 Bxb7
29.Nxb7 Rxb7 30.Ba6 Rbb8 31.Bxb8 Rxb8 32.b7 Kg7 33.Rd5 Kf6 34.Rad1 Be7 35.
c4 Nd3 36.R1xd3 exd3 37.c5 d2 38.c6 1-0

[Event "zonal 3.4"]
[Site "Bishkek KGZ"]
[Date "1993.??.??"]
[Round "?"]
[White "Safin, Shukhrat"]
[Black "Nenashev, Alexander"]
[Result "0-1"]
[WhiteElo "2455"]
[BlackElo "2565"]
[EventDate "1993.??.??"]
[PlyCount "84"]

1.d4 d5 2.c4 e6 3.Nc3 Bb4 4.cxd5 exd5 5.Bf4 Nf6 6.e3 Ne4 7.Qc2 c5 8.Bd3 
cxd4 9.exd4 Bf5 10.Ne2 O-O 11.O-O Re8 12.Nb5 Na6 13.a3 Bf8 14.f3 Nd6 15.
Nec3 Nxb5 16.Nxb5 Rc8 17.Qb1 Bxd3 18.Qxd3 Qb6 19.Rac1 Nb8 20.Bc7 Qh6 21.g3
Nc6 22.Bf4 Qf6 23.Rcd1 a6 24.Nc3 Red8 25.Kh1 h6 26.Na4 Na5 27.b4 Nc4 28.
Qb3 b6 29.Nc3 b5 30.Rd3 Qc6 31.Nd1 a5 32.bxa5 Ra8 33.Bd2 Nxd2 34.Rxd2 Rxa5
35.Nb2 Rxa3 36.Qd1 Bb4 37.Rd3 Bc3 38.Qc1 b4 39.Nd1 Qc4 40.Qc2 Ra2 41.Qb1 
Ra1 42.Qc2 Rda8 0-1

[Event "zonal 3.4"]
[Site "Bishkek KGZ"]
[Date "1993.??.??"]
[Round "?"]
[White "Safin, Shukhrat"]
[Black "Ilinsky, Vladimir"]
[Result "0-1"]
[WhiteElo "2455"]
[BlackElo "2355"]
[EventDate "1993.??.??"]
[PlyCount "92"]

1.d4 e6 2.c4 f5 3.g3 Nf6 4.Bg2 Be7 5.Nf3 d5 6.O-O O-O 7.b3 c6 8.Bb2 a5 9.
Nbd2 Ne4 10.Ne5 Nd7 11.Ndf3 Bd6 12.Qc2 Qe7 13.Rac1 Ndf6 14.c5 Bc7 15.Ne1 
Nh5 16.e3 g5 17.f3 Nef6 18.N1d3 Bd7 19.a3 Be8 20.b4 Nd7 21.Bc3 a4 22.Rfe1 
Nhf6 23.b5 Nxe5 24.dxe5 Nd7 25.b6 Bd8 26.Bd4 h5 27.f4 h4 28.fxg5 Qxg5 29.
Nf4 Qh6 30.Bf3 Be7 31.gxh4 Ra5 32.Kh1 Nxc5 33.Rg1+ Kh7 34.h5 Nb3 35.Ng6 
Bxa3 36.Nxf8+ Bxf8 37.Qg2 Bf7 38.Rcd1 c5 39.Bc3 Ra8 40.Rxd5 exd5 41.Bxd5 
Bxd5 42.Qxd5 Qc6 43.e4 Qxd5 44.exd5 a3 45.e6 Nd4 46.Re1 Bd6 0-1

[Event "zonal 3.4"]
[Site "Bishkek KGZ"]
[Date "1993.??.??"]
[Round "?"]
[White "Safin, Shukhrat"]
[Black "Kantsler, Boris"]
[Result "0-1"]
[WhiteElo "2455"]
[BlackElo "2445"]
[EventDate "1993.??.??"]
[PlyCount "52"]

1.d4 d6 2.e4 g6 3.Nc3 Bg7 4.Be3 a6 5.Qd2 b5 6.f3 Bb7 7.a4 b4 8.Nd1 a5 9.c3
bxc3 10.bxc3 Nd7 11.Rb1 Qc8 12.Bd3 Ba6 13.Ne2 Bxd3 14.Qxd3 Ngf6 15.O-O O-O
16.Nb2 c5 17.Nc4 d5 18.Nd2 e5 19.dxe5 Nxe5 20.Qb5 Ned7 21.e5 Nxe5 22.Bxc5 
Re8 23.Nd4 Nfd7 24.N2b3 Rb8 25.Qxa5 Nc4 26.Qa7 Ra8 0-1

[Event "zonal 3.4"]
[Site "Bishkek KGZ"]
[Date "1993.??.??"]
[Round "?"]
[White "Safin, Shukhrat"]
[Black "Tumurhuyag, Nyamaa"]
[Result "1/2-1/2"]
[WhiteElo "2455"]
[BlackElo "2350"]
[EventDate "1993.??.??"]
[PlyCount "86"]

1.d4 Nf6 2.c4 e6 3.Nf3 c5 4.g3 cxd4 5.Nxd4 Nc6 6.Bg2 Bc5 7.Nxc6 bxc6 8.O-O
d5 9.Nc3 O-O 10.Na4 Bd6 11.Qc2 Ba6 12.b3 Rb8 13.Rd1 Qe7 14.Bb2 Rfd8 15.
cxd5 cxd5 16.Rac1 Ba3 17.e3 Bxb2 18.Qxb2 Rdc8 19.h3 h6 20.Rxc8+ Rxc8 21.
Rc1 Rxc1+ 22.Qxc1 Ne4 23.Bxe4 dxe4 24.Nc5 Bd3 25.Qc3 Qd8 26.a3 Qd5 27.f4 
Qh5 28.Nxd3 exd3 29.Qxd3 Qf3 30.g4 Qg3+ 31.Kf1 Qxh3+ 32.Kf2 Qxg4 33.Qd8+ 
Kh7 34.Qe7 h5 35.Qxa7 h4 36.Qxf7 Qg3+ 37.Ke2 Qg2+ 38.Ke1 Qg3+ 39.Ke2 Qg4+ 
40.Kf2 Qg3+ 41.Ke2 Qg2+ 42.Ke1 Qg1+ 43.Ke2 Qg2+ 1/2-1/2

[Event "zonal 3.4"]
[Site "Bishkek KGZ"]
[Date "1993.??.??"]
[Round "?"]
[White "Safin, Shukhrat"]
[Black "Vakhidov, Tahir"]
[Result "0-1"]
[WhiteElo "2455"]
[BlackElo "2455"]
[EventDate "1993.??.??"]
[PlyCount "64"]

1.Nf3 Nf6 2.g3 g6 3.Bg2 Bg7 4.O-O O-O 5.d3 Nc6 6.e4 e5 7.Nbd2 h6 8.c3 d5 
9.b4 dxe4 10.dxe4 Qd3 11.Bb2 Bg4 12.Re1 Rfd8 13.Bf1 Bxf3 14.Nxf3 Qxd1 15.
Raxd1 Rxd1 16.Rxd1 Nxe4 17.b5 Na5 18.c4 Re8 19.Rd7 Nc5 20.Rxc7 Ne6 21.Rd7 
Nc5 22.Rd1 e4 23.Ba3 Bf8 24.Nd4 Rd8 25.Bb4 Nd3 26.Ne6 fxe6 27.Bxa5 b6 28.
Bc3 Bc5 29.Bg2 Rf8 30.Bh3 Rxf2 31.Bxe6+ Kf8 32.Kh1 Rc2 0-1

[Event "zonal 3.4"]
[Site "Bishkek KGZ"]
[Date "1993.??.??"]
[Round "?"]
[White "Serper, Grigory"]
[Black "Safin, Shukhrat"]
[Result "1/2-1/2"]
[WhiteElo "2590"]
[BlackElo "2455"]
[EventDate "1993.??.??"]
[PlyCount "105"]

1.Nf3 Nf6 2.c4 g6 3.g3 Bg7 4.Bg2 d5 5.cxd5 Nxd5 6.d4 O-O 7.O-O Nc6 8.e4 
Nb6 9.d5 Na5 10.Nc3 c6 11.Re1 Re8 12.Bf4 Nac4 13.Qc2 cxd5 14.Nxd5 Nxd5 15.
exd5 Nd6 16.Be5 Bf5 17.Qe2 Be4 18.Bxg7 Kxg7 19.Ng5 Bxg2 20.Kxg2 e5 21.Nf3 
e4 22.Ng1 Qa5 23.Red1 Re5 24.a3 Rc8 25.b4 Qb6 26.Qb2 Nc4 27.Qd4 Qxd4 28.
Rxd4 Nd6 29.Ra2 Re7 30.Ne2 Rec7 31.Rdd2 Kf6 32.Nd4 Rc3 33.Ne2 R3c4 34.Nd4 
Ke5 35.Nc2 f5 36.h4 Rc3 37.Ne3 Nc4 38.Nxc4+ R3xc4 39.d6 Rd8 40.Rac2 Rxc2 
41.Rxc2 Kxd6 42.Kf1 Rd7 43.Ke2 Rc7 44.Rxc7 Kxc7 45.Ke3 Kd6 46.Kf4 b6 47.
Kg5 Ke6 48.Kh6 b5 49.Kxh7 Kf7 50.Kh8 Kf8 51.Kh7 Kf7 52.Kh8 Kf8 53.Kh7 
1/2-1/2

[Event "zonal 3.4"]
[Site "Bishkek KGZ"]
[Date "1993.??.??"]
[Round "?"]
[White "Serper, Grigory"]
[Black "Tumurhuyag, Nyamaa"]
[Result "1-0"]
[WhiteElo "2590"]
[BlackElo "2350"]
[EventDate "1993.??.??"]
[PlyCount "71"]

1.c4 c5 2.Nf3 Nc6 3.d4 cxd4 4.Nxd4 Nf6 5.Nc3 g6 6.e4 Bg7 7.Be3 O-O 8.Be2 
b6 9.O-O Bb7 10.f3 Rc8 11.Rc1 Re8 12.Qd2 Qc7 13.Ndb5 Qb8 14.Nd5 d6 15.Bh6 
Bh8 16.b3 Nd7 17.Rfd1 a6 18.Nbc3 e6 19.Ne3 Nd4 20.Bf1 Ne5 21.Qxd4 Nxf3+ 
22.gxf3 Bxd4 23.Rxd4 f6 24.Rd2 Qc7 25.Bf4 Rcd8 26.Rcd1 Qc5 27.Na4 Qh5 28.
Ng4 Kf7 29.Rxd6 Rxd6 30.Rxd6 b5 31.Nb6 Qc5+ 32.Kg2 g5 33.Rd7+ Kg6 34.Be3 
Qc6 35.Nxf6 Kxf6 36.e5+ 1-0

[Event "zonal 3.4"]
[Site "Bishkek KGZ"]
[Date "1993.??.??"]
[Round "?"]
[White "Serper, Grigory"]
[Black "Vakhidov, Tahir"]
[Result "1/2-1/2"]
[WhiteElo "2590"]
[BlackElo "2455"]
[EventDate "1993.??.??"]
[PlyCount "68"]

1.c4 e5 2.g3 Nf6 3.Bg2 c6 4.d4 exd4 5.Qxd4 d5 6.Nf3 dxc4 7.Qxc4 Be6 8.Qc2 
Bb4+ 9.Nbd2 h6 10.O-O O-O 11.b3 Qa5 12.Bb2 Nbd7 13.Rad1 Qh5 14.Nd4 Bh3 15.
Bxh3 Qxh3 16.N2f3 Rfe8 17.Nf5 Bf8 18.Rd4 g6 19.Nd6 Bxd6 20.Rxd6 Ne4 21.Rd4
Ndf6 22.Rb4 Re7 23.Be5 Rae8 24.Rxe4 Nxe4 25.Qxe4 Qh5 26.Qb4 Rxe5 27.Nxe5 
Qxe5 28.Qxb7 Qxe2 29.Qxa7 Qc2 30.b4 Re4 31.a3 h5 32.h4 Kg7 33.Qc7 Qc4 34.
Qd6 Qc3 1/2-1/2

[Event "zonal 3.4"]
[Site "Bishkek KGZ"]
[Date "1993.??.??"]
[Round "?"]
[White "Tumurhuyag, Nyamaa"]
[Black "Kakageldiev, Amanmurad"]
[Result "1/2-1/2"]
[WhiteElo "2350"]
[BlackElo "2415"]
[EventDate "1993.??.??"]
[PlyCount "68"]

1.e4 g6 2.d4 Bg7 3.Nc3 d6 4.Be3 Nf6 5.f3 O-O 6.Qd2 c6 7.h4 h5 8.Bh6 b5 9.
g4 Nbd7 10.Nge2 e5 11.Ng3 exd4 12.Bxg7 Kxg7 13.Qxd4 Ne5 14.Be2 hxg4 15.f4 
Nf3+ 16.Bxf3 gxf3 17.O-O-O Qb6 18.Qxd6 b4 19.Na4 Qe3+ 20.Kb1 Bg4 21.Rde1 
Qf2 22.Reg1 Rad8 23.Qe5 Qd4 24.Qg5 f2 25.Rc1 Nxe4 26.Nxe4 Bf3 27.Nxf2 Bxh1
28.Nxh1 Rd5 29.Qg4 Re8 30.Ng3 Qf2 31.c4 bxc3 32.Nxc3 Rd2 33.Nd1 Rb8 34.b3 
Qb6 1/2-1/2

[Event "zonal 3.4"]
[Site "Bishkek KGZ"]
[Date "1993.??.??"]
[Round "?"]
[White "Tumurhuyag, Nyamaa"]
[Black "Kantsler, Boris"]
[Result "0-1"]
[WhiteElo "2350"]
[BlackElo "2445"]
[EventDate "1993.??.??"]
[PlyCount "94"]

1.e4 g6 2.d4 Bg7 3.Nc3 c6 4.Be3 d5 5.e5 f6 6.f4 Nh6 7.Nf3 Bg4 8.Be2 Bxf3 
9.Bxf3 fxe5 10.dxe5 e6 11.O-O O-O 12.Ne2 Nd7 13.g3 g5 14.Nd4 Qe7 15.Bg4 
Nxg4 16.Qxg4 Rae8 17.Nf3 gxf4 18.gxf4 Qf7 19.Nh4 Kh8 20.Kh1 Rg8 21.Qh3 Qh5
22.Rf3 Bh6 23.Ng2 Qxh3 24.Rxh3 Bf8 25.Rg1 Bc5 26.Nh4 Rxg1+ 27.Kxg1 Rg8+ 
28.Kf1 Bxe3 29.Rxe3 Nc5 30.Rg3 Rf8 31.Ng2 Ne4 32.Rg4 a5 33.Ke2 a4 34.a3 b5
35.Ke3 c5 36.Ne1 Rb8 37.Nf3 b4 38.Ng5 Nxg5 39.Rxg5 b3 40.c3 Rg8 41.Rh5 Rg1
42.Kf2 Rb1 43.f5 Rxb2+ 44.Ke3 Re2+ 45.Kxe2 b2 46.fxe6 b1=Q 47.e7 Qb5+ 0-1

[Event "zonal 3.4"]
[Site "Bishkek KGZ"]
[Date "1993.??.??"]
[Round "?"]
[White "Tumurhuyag, Nyamaa"]
[Black "Nadyrkhanov, Sergei"]
[Result "0-1"]
[WhiteElo "2350"]
[BlackElo "2450"]
[EventDate "1993.??.??"]
[PlyCount "136"]

1.e4 c5 2.Nf3 Nc6 3.d4 cxd4 4.Nxd4 g6 5.c4 Nf6 6.Nc3 d6 7.Be2 Nxd4 8.Qxd4 
Bg7 9.O-O O-O 10.Qd1 Be6 11.Be3 Qa5 12.Rc1 Rfc8 13.b3 a6 14.Bd4 b5 15.cxb5
axb5 16.Qd3 Bd7 17.Nxb5 Rxc1 18.Rxc1 Qxa2 19.g3 Bxb5 20.Qxb5 Nxe4 21.Ra1 
Bxd4 22.Rxa2 Rxa2 23.Bc4 Rxf2 24.Kh1 e6 25.Qa6 Nd2 26.Be2 Nxb3 27.Qxd6 
Rxe2 28.Qb8+ Kg7 29.Qxb3 e5 30.Qd5 h5 31.h3 Rf2 32.Qc6 Kh6 33.Qe4 Rd2 34.
Qa8 Kg7 35.Qe4 Rb2 36.Qd5 Rb6 37.Qd8 Re6 38.Qd5 Bb6 39.Qe4 Bd8 40.Kg2 Bg5 
41.Qd5 Re7 42.Kf3 e4+ 43.Ke2 Bf6 44.Ke3 Re5 45.Qd6 Bg5+ 46.Kf2 Rf5+ 47.Ke2
e3 48.Qd4+ Kh7 49.h4 Bh6 50.Qa7 Rf2+ 51.Ke1 Kg8 52.Qa8+ Bf8 53.Qe8 Rg2 54.
Qxe3 Bd6 55.Qd3 Bxg3+ 56.Kf1 Rf2+ 57.Kg1 Bxh4 58.Qd4 Bg3 59.Qd3 h4 60.Qd8+
Kh7 61.Qd7 Kh6 62.Qc8 f5 63.Qh8+ Kg5 64.Qd8+ Kg4 65.Qf6 g5 66.Qd4+ Kh3 67.
Qd5 g4 68.Qd3 f4 0-1

[Event "zonal 3.4"]
[Site "Bishkek KGZ"]
[Date "1993.??.??"]
[Round "?"]
[White "Tumurhuyag, Nyamaa"]
[Black "Vakhidov, Tahir"]
[Result "0-1"]
[WhiteElo "2350"]
[BlackElo "2455"]
[EventDate "1993.??.??"]
[PlyCount "84"]

1.e4 e6 2.d4 d5 3.Nc3 Nf6 4.e5 Nfd7 5.f4 c5 6.Nf3 Nc6 7.Be3 a6 8.Qd2 b5 9.
g3 Qb6 10.Bg2 b4 11.Ne2 a5 12.O-O Ba6 13.Rfd1 Be7 14.g4 O-O 15.Bf2 f6 16.
c3 fxe5 17.fxe5 Bxe2 18.Qxe2 Rf4 19.h3 Raf8 20.Be3 R4f7 21.Kh1 a4 22.Ne1 
a3 23.Rab1 axb2 24.Rxb2 Qa7 25.cxb4 cxd4 26.Bg1 Bxb4 27.Qb5 Ndxe5 28.Rxb4 
Rb8 29.Qxb8+ Nxb8 30.Bxd4 Qc7 31.Ra4 Nbc6 32.Bg1 Rf8 33.Nd3 Nf3 34.Nc5 Qd6
35.Ne4 Qe5 36.Bxf3 Rxf3 37.Nf2 h6 38.Rc1 Rc3 39.Rb1 d4 40.Ra8+ Kh7 41.a4 
Qd5+ 42.Kh2 Ne5 0-1

[Event "zonal 3.4"]
[Site "Bishkek KGZ"]
[Date "1993.??.??"]
[Round "?"]
[White "Tumurhuyag, Nyamaa"]
[Black "Yurtaev, Leonid"]
[Result "0-1"]
[WhiteElo "2350"]
[BlackElo "2540"]
[EventDate "1993.??.??"]
[PlyCount "57"]

1.e4 e5 2.Nf3 Nc6 3.d4 exd4 4.Nxd4 Bc5 5.Nb3 Bb4+ 6.Nc3 Qh4 7.Bd3 Nf6 8.
O-O O-O 9.Nd5 Nxd5 10.exd5 Ne5 11.Be2 Re8 12.f4 Ng6 13.f5 Bd6 14.h3 Nf4 
15.Bg4 Qg3 16.Bxf4 Bxf4 17.Rf3 Qh2+ 18.Kf2 Bg5 19.Qg1 Bh4+ 20.Kf1 Qe5 21.
Rf2 b6 22.c4 Ba6 23.Nd2 Qxb2 24.Rd1 Qc2 25.g3 Qd3+ 26.Be2 Rxe2 27.Rxe2 
Bxc4 28.Re1 Qxd2 29.gxh4 0-1

[Event "zonal 3.4"]
[Site "Bishkek KGZ"]
[Date "1993.??.??"]
[Round "?"]
[White "Vakhidov, Tahir"]
[Black "Kakageldiev, Amanmurad"]
[Result "1/2-1/2"]
[WhiteElo "2455"]
[BlackElo "2415"]
[EventDate "1993.??.??"]
[PlyCount "29"]

1.c4 Nf6 2.Nc3 g6 3.e4 e5 4.g3 Bg7 5.Bg2 O-O 6.Nge2 d6 7.O-O Nbd7 8.d3 c6 
9.Rb1 a6 10.b3 Re8 11.h3 b5 12.a3 Bb7 13.Bg5 Rb8 14.Qd2 Nc5 15.Be3 1/2-1/2

[Event "zonal 3.4"]
[Site "Bishkek KGZ"]
[Date "1993.??.??"]
[Round "?"]
[White "Vakhidov, Tahir"]
[Black "Kantsler, Boris"]
[Result "1/2-1/2"]
[WhiteElo "2455"]
[BlackElo "2445"]
[EventDate "1993.??.??"]
[PlyCount "20"]

1.d4 d6 2.e4 Nf6 3.Nc3 g6 4.Nf3 Bg7 5.Be2 O-O 6.O-O Bg4 7.h3 Bxf3 8.Bxf3 
Nc6 9.Be3 e5 10.d5 Ne7 1/2-1/2

[Event "zonal 3.4"]
[Site "Bishkek KGZ"]
[Date "1993.??.??"]
[Round "?"]
[White "Vakhidov, Tahir"]
[Black "Nadyrkhanov, Sergei"]
[Result "1/2-1/2"]
[WhiteElo "2455"]
[BlackElo "2450"]
[EventDate "1993.??.??"]
[PlyCount "26"]

1.d4 Nf6 2.Nf3 g6 3.c4 Bg7 4.Nc3 O-O 5.g3 d6 6.Bg2 Nbd7 7.O-O e5 8.e4 c6 
9.b3 exd4 10.Nxd4 Re8 11.h3 Nc5 12.Re1 h6 13.Bb2 a5 1/2-1/2

[Event "zonal 3.4"]
[Site "Bishkek KGZ"]
[Date "1993.??.??"]
[Round "?"]
[White "Vakhidov, Tahir"]
[Black "Nesterov, Jakov"]
[Result "1-0"]
[WhiteElo "2455"]
[BlackElo "2445"]
[EventDate "1993.??.??"]
[PlyCount "58"]

1.d4 Nf6 2.Nf3 c5 3.c4 cxd4 4.Nxd4 e5 5.Nb5 d5 6.cxd5 Bc5 7.e3 O-O 8.N5c3 
e4 9.Be2 Qe7 10.Nd2 Rd8 11.a3 Nxd5 12.Nxd5 Rxd5 13.Qa4 Bf5 14.b4 Bb6 15.
Qb3 Rd6 16.Nc4 Rg6 17.Nxb6 axb6 18.Qd5 Bc8 19.Bb2 Nc6 20.Rd1 Rxg2 21.b5 
Qh4 22.Rf1 Be6 23.Qd6 Na5 24.Qxb6 Rxh2 25.Bc3 Bh3 26.Qd4 Qf6 27.Qxf6 gxf6 
28.Rg1+ Kf8 29.Bb4+ Ke8 1-0

[Event "zonal 3.4"]
[Site "Bishkek KGZ"]
[Date "1993.??.??"]
[Round "?"]
[White "Yurtaev, Leonid"]
[Black "Imanaliev, Taalaibek"]
[Result "1-0"]
[WhiteElo "2540"]
[BlackElo "2365"]
[EventDate "1993.??.??"]
[PlyCount "169"]

1.e4 e5 2.Nf3 Nc6 3.Bb5 a6 4.Ba4 Nf6 5.O-O Be7 6.Re1 b5 7.Bb3 d6 8.c3 O-O 
9.h3 Na5 10.Bc2 c5 11.d4 Qc7 12.Nbd2 cxd4 13.cxd4 Nc6 14.d5 Nb4 15.Bb1 a5 
16.Nf1 Bd7 17.Bd2 Na6 18.N3h2 Nc5 19.Qf3 b4 20.Rc1 Rfb8 21.Ne3 b3 22.Nc4 
Qd8 23.Be3 bxa2 24.Rxa2 Nb3 25.Rc3 Bb5 26.Qd1 Bxc4 27.Rxc4 Nd7 28.Nf3 Nbc5
29.Qe1 Rb5 30.Bc2 Rab8 31.Qa1 h6 32.Bd2 Nb6 33.Rc3 f5 34.exf5 Nxd5 35.Rc4 
Nb4 36.Bxb4 Rxb4 37.Rxb4 axb4 38.Ra7 b3 39.Bd1 Bf6 40.Qc1 Kh8 41.Qc4 e4 
42.Nd4 Qg8 43.Ne6 Bxb2 44.Ra5 Be5 45.Rxc5 b2 46.Rxe5 b1=Q 47.Rd5 Qb4 48.
Qe2 Qf7 49.Bc2 Rc8 50.Qxe4 Qxe4 51.Bxe4 Qf6 52.g4 Qc3 53.Kg2 Qe1 54.Rd4 
Rc1 55.Nf4 Qh1+ 56.Kg3 Rc3+ 57.Bd3 Qg1+ 58.Kf3 Qh1+ 59.Ke2 Ra3 60.Rc4 Ra2+
61.Ke3 Qe1+ 62.Be2 Ra3+ 63.Nd3 Qh1 64.Kd4 d5 65.Rc8+ Kh7 66.Nc5 Qc1 67.Bd3
Rxd3+ 68.Kxd3 Qc4+ 69.Ke3 Qc3+ 70.Kf4 d4 71.f6 gxf6 72.Rc7+ Kg8 73.Kf5 
Qxh3 74.f4 h5 75.Ne6 Qxg4+ 76.Kxf6 Qh4+ 77.Kg6 Qg4+ 78.Ng5 Kf8 79.f5 d3 
80.Rd7 Qc4 81.f6 Ke8 82.Re7+ Kd8 83.Ne6+ Kc8 84.f7 Qe4+ 85.Kg7 1-0

[Event "zonal 3.4"]
[Site "Bishkek KGZ"]
[Date "1993.??.??"]
[Round "?"]
[White "Yurtaev, Leonid"]
[Black "Nadyrkhanov, Sergei"]
[Result "1/2-1/2"]
[WhiteElo "2540"]
[BlackElo "2450"]
[EventDate "1993.??.??"]
[PlyCount "52"]

1.e4 c5 2.Nf3 d6 3.d4 cxd4 4.Nxd4 Nf6 5.Nc3 g6 6.Be3 Bg7 7.f3 Nc6 8.Qd2 
Bd7 9.Bc4 O-O 10.h4 h5 11.O-O-O Ne5 12.Bb3 Rc8 13.Bh6 Nc4 14.Bxc4 Rxc4 15.
Bxg7 Kxg7 16.Nd5 e5 17.Ne2 Nxd5 18.Qxd5 Be6 19.Qxd6 Qa5 20.Nc3 Rxc3 21.
bxc3 Qxc3 22.Qd3 Qa5 23.a3 Rc8 24.Kb2 Qb6+ 25.Ka1 Qa5 26.Kb2 Qb6+ 1/2-1/2

[Event "zonal 3.4"]
[Site "Bishkek KGZ"]
[Date "1993.??.??"]
[Round "?"]
[White "Yurtaev, Leonid"]
[Black "Nesterov, Jakov"]
[Result "1-0"]
[WhiteElo "2540"]
[BlackElo "2445"]
[EventDate "1993.??.??"]
[PlyCount "53"]

1.Nf3 d6 2.d4 Bg4 3.e4 Nf6 4.Nc3 Nc6 5.d5 Nb8 6.Be2 c6 7.O-O g6 8.a4 Qa5 
9.Re1 Bg7 10.Nd4 Bxe2 11.Rxe2 O-O 12.Bg5 Nbd7 13.Nb3 Qa6 14.a5 Rac8 15.Ra4
cxd5 16.Nxd5 Nxd5 17.exd5 Bxb2 18.Rxe7 Qb5 19.Rae4 Nc5 20.Re3 Bg7 21.h4 
Na4 22.Qf3 Rxc2 23.Bf6 Bxf6 24.Qxf6 Qxd5 25.Nd4 Rc1+ 26.Kh2 Nc5 27.Rg3 1-0

[Event "zonal 3.4"]
[Site "Bishkek KGZ"]
[Date "1993.??.??"]
[Round "?"]
[White "Yurtaev, Leonid"]
[Black "Safin, Shukhrat"]
[Result "0-1"]
[WhiteElo "2540"]
[BlackElo "2455"]
[EventDate "1993.??.??"]
[PlyCount "166"]

1.d4 f5 2.c4 Nf6 3.Nc3 e6 4.Qc2 Bb4 5.e3 b6 6.Bd3 Bb7 7.f3 Bxc3+ 8.bxc3 
O-O 9.Nh3 Nc6 10.O-O Ba6 11.e4 fxe4 12.fxe4 e5 13.Qa4 Na5 14.Bg5 d6 15.Qd1
h6 16.Bh4 c5 17.Rf5 Qe7 18.d5 g6 19.Rf3 Qg7 20.Qe2 Nh5 21.Raf1 Rxf3 22.
Rxf3 Bc8 23.Qe3 Bd7 24.Be1 g5 25.Rf1 g4 26.Nf2 Nf4 27.Nh1 Rf8 28.Ng3 Nxd3 
29.Rxf8+ Qxf8 30.Qxd3 Bc8 31.Bd2 Qf6 32.Qe2 Qg6 33.Bc1 h5 34.Qd3 Qf7 35.
Nf5 Bxf5 36.exf5 Qf6 37.Qe4 Kf7 38.h3 Qh4 39.Bd2 Qg3 40.f6 gxh3 41.Qh7+ 
Kxf6 42.Qh6+ Qg6 43.Qf8+ Qf7 44.Qh6+ Qg6 45.Qf8+ Qf7 46.Qh6+ Ke7 47.Bg5+ 
Kd7 48.Qh8 Kc7 49.Qd8+ Kb7 50.Qxd6 hxg2 51.Bf6 Qc7 52.Qe6 Nxc4 53.Kxg2 Qc8
54.Bxe5 Qxe6 55.dxe6 Kc8 56.Bf4 Kd8 57.Bg5+ Ke8 58.Kf3 b5 59.Ke4 Nb6 60.
Bh4 a6 61.Bf6 a5 62.Ke5 b4 63.cxb4 axb4 64.Ke4 c4 65.Kd4 Kf8 66.Bg5 Kg7 
67.Bd8 c3 68.Bg5 Kg6 69.e7 Kf7 70.a3 c2 71.axb4 h4 72.Ke4 Nd5 73.Kf3 Nxe7 
74.b5 Ke6 75.b6 Kd7 76.Ke2 Ng6 77.Be3 Kc6 78.Kf3 Ne7 79.Ke2 Nd5 80.Bg5 
Kxb6 81.Kf3 Ne7 82.Ke2 Ng6 83.Bd8+ Kc6 0-1